Central Library OPAC University of Rajshahi

Directing actors : (Record no. 82153)

MARC details
000 -LEADER
fixed length control field 00955nam a2200289 a 4500
001 - CONTROL NUMBER
control field 82153
003 - CONTROL NUMBER IDENTIFIER
rucl marc code BD-RjUL
005 - DATE AND TIME OF LATEST TRANSACTION
control field 20231018124546.0
008 - FIXED-LENGTH DATA ELEMENTS--GENERAL INFORMATION
fixed length control field 231018s2021 cau 000 0 eng
020 ## - INTERNATIONAL STANDARD BOOK NUMBER
International Standard Book Number 9781615933211
035 ## - SYSTEM CONTROL NUMBER
System control number (BD-RjUL)82153
040 ## - CATALOGING SOURCE
Original cataloging agency DLC
Language of cataloging eng
Description conventions rda
Transcribing agency DLC
Modifying agency DLC
-- BD-RjUL
041 ## - LANGUAGE CODE
Language code of text/sound track or separate title eng
082 00 - DEWEY DECIMAL CLASSIFICATION NUMBER
Edition number 23
Classification number 792.0233
Author mark and year WED 2021
100 1# - MAIN ENTRY--PERSONAL NAME
Personal name Weston, Judith,
Dates associated with a name 1946-
Relator term author.
9 (RLIN) 9662
245 10 - TITLE STATEMENT
Title Directing actors :
Remainder of title creating memorable performances for film and television /
Statement of responsibility, etc. Judith Weston.
250 ## - EDITION STATEMENT
Edition statement 25th anniversary edition.
264 #1 - PRODUCTION, PUBLICATION, DISTRIBUTION, MANUFACTURE, AND COPYRIGHT NOTICE
Place of production, publication, distribution, manufacture Studio City, CA :
Name of producer, publisher, distributor, manufacturer Michael Wiese Productions,
Date of production, publication, distribution, manufacture, or copyright notice 2021
300 ## - PHYSICAL DESCRIPTION
Pagination xxxvi, 391 pages ;
Size 23 cm
336 ## - CONTENT TYPE
Content type term text
Content type code txt
Source rdacontent
337 ## - MEDIA TYPE
Media type term unmediated
Media type code n
Source rdamedia
338 ## - CARRIER TYPE
Carrier type term volume
Carrier type code nc
Source rdacarrier
650 #0 - SUBJECT ADDED ENTRY--TOPICAL TERM
Topical term or geographic name as entry element Motion pictures
General subdivision Production and direction.
9 (RLIN) 7501
Topical term or geographic name as entry element Television
General subdivision Production and direction.
9 (RLIN) 9663
942 ## - ADDED ENTRY ELEMENTS (KOHA)
Source of classification or shelving scheme Dewey Decimal Classification
Koha item type Books
Holdings
Lost status Source of classification or shelving scheme Damaged status Not for loan Collection code Permanent Location Current Location Shelving location Date acquired Source of acquisition Cost, normal purchase price Total Checkouts Full call number Date last seen Copy number Koha item type
  Dewey Decimal Classification   Not For Loan Non-fiction Central Library, University of Rajshahi Central Library, University of Rajshahi Reading Room 21/08/2023 Dhaka :International Book 4300.00   792.0233 WED 2021 18/10/2023 C-1 Books
  Dewey Decimal Classification     Non-fiction Central Library, University of Rajshahi Central Library, University of Rajshahi General Stacks 21/08/2023 Dhaka :International Book 4300.00   792.0233 WED 2021 18/10/2023 C-2 Books
  Dewey Decimal Classification     Non-fiction Central Library, University of Rajshahi Central Library, University of Rajshahi General Stacks 21/08/2023 Dhaka :International Book 4300.00   792.0233 WED 2021 18/10/2023 C-3 Books